000 00663nam a2200229Ia 4500
003 OSt
005 20221005113603.0
006 a|||||r|||| 00| 0
007 ta
008 221004b |||||||| |||| 00| 0 pan d
024 _a63298
037 _cTextual
040 _aCRL
_cCRL
_bpan
041 _2pan
_apan
082 _aO153,3xN9, M8
100 _aਗੁਰFਰਨ ਸਿੰਘ, ਥਦ.
_9624569
245 0 _a1987 ਦੀ ਚੋਣਵੀ੍ਵ ਕਹਾਣੀ
260 _c1988
650 _aਪੰਜਾਬੀ ਸਾਹਿਤ
942 _hO153,3xN9, M8
_cTEXL
_2cc
999 _c1028654
_d1028654